Signal red / (Record no. 26106)

MARC details
000 -LEADER
fixed length control field 00748nam a22002057a 4500
005 - DATE AND TIME OF LATEST TRANSACTION
control field 20190225145906.0
010 ## - LCCN (DPL NO)
LC control number B-285008, B-214737, B-214732
020 ## - INTERNATIONAL STANDARD BOOK NUMBER
International Standard Book Number 0143032623
Terms of availability 325.00
020 ## - INTERNATIONAL STANDARD BOOK NUMBER
International Standard Book Number 9780143032625
Terms of availability 325.00
035 ## - SYSTEM CONTROL NUMBER
System control number B-285008, B-214731 , B-214737, B-214732, B-214733
037 ## - SOURCE OF ACQUISITION
Source of stock number/acquisition UBH (Vender)
082 ## - DEWEY DECIMAL CLASSIFICATION NUMBER
Classification number N
100 ## - MAIN ENTRY--PERSONAL NAME
Personal name Chatterjee, Rimi B.
245 ## - TITLE STATEMENT
Title Signal red /
Statement of responsibility, etc by Rimi B. Chatterjee
260 ## - PUBLICATION, DISTRIBUTION, ETC. (IMPRINT)
Place of publication, distribution, etc New Delhi
Name of publisher, distributor, etc Penguin Books
Date of publication, distribution, etc 2005
270 ## - ADDRESS
Address 11, Community Centre, Panchsheel Park,
City New Delhi
Postal code 110017
300 ## - PHYSICAL DESCRIPTION
Extent 281p.
Dimensions 20cm. (pbk)
942 ## - ADDED ENTRY ELEMENTS (KOHA)
Source of classification or shelving scheme Dewey Decimal Classification
Item type English Books
Classification part N
Call number suffix CHA
Holdings
Withdrawn status Lost status Not for loan Collection code Home library Current library Date acquired Source of acquisition Cost, normal purchase price Full call number Barcode Copy number Cost, replacement price Koha item type
      Fiction R.C.Libraries (zls) R.C.Libraries (zls) 08/11/2018   325.00 N CHA B-214737 1 325.00 English Books
      Fiction Sarojini Nagar Sarojini Nagar 12/12/2018     N CHA B-214722     English Books
      Fiction Shahdara Branch Shahdara Branch 09/06/2018 BPPD/PUB 325.00 N CHA B-214731   325.00 English Books
      Fiction Vigyan Vihar Vigyan Vihar 25/02/2019 BPPD/PUB 325.00 N CHA B-214733   325.00 English Books
      Fiction Vinoba Puri Vinoba Puri 05/05/2009 UBH/143/25.8.08/187/21.7.08/29.8.08 325.00 N CHA B-285008 1 325.00 English Books
      Fiction Yojana Vihar Yojana Vihar 30/10/2018 BPPD/PUB 325.00 N CHA B-214732   325.00 English Books

© Delhi Public Library
Hit Counter
free hit counter